MDQL
is popping MORE tags! Check the
thread
!
Quizzes
Events
Quiz Creation
Community
Videos
Private Events
Remove Ads
Sign In
Join for FREE
Feedback
Dark Mode
Quiz Categories
Sports
Geography
Music
Movies
Television
Just For Fun
Miscellaneous
History
Literature
Language
Science
Gaming
Entertainment
Religion
Holiday
For Kids
Quiz Lab
Recent
Popular Today
Quiz Kudos Today
Editor Picks
Curator Picks
Quizzes by...
Day
Popularity
Type
Ratings
Length
Year
Community
Subscriptions
Recent Discussions
Orange Saloon
Badges
Playlists
Quests
Create
Leaderboards
Showdown
Live 5
Trivia Bingo
Activity
Puzzle Library
Sporcle Events
Private Events
Virtual Trivia
Globe League
Become a Host
Pub Owners
SporcleCon
Opinionation
Our Games
Videos
Blog
Mobile Apps
Partnerships
Remove Ads and Go Orange
Feedback
Music
Pop Music
The Beatles
Song
Album
Lyrics
Bands
Singers
Artist
Clip
Rock
Rap
Classical
Billboard
Country Music
Kpop
Taylor Swift
Music
Pop Music
The Beatles
Song
Album
Lyrics
Bands
Singers
Artist
Clip
Rock
Rap
Classical
Billboard
Country Music
Kpop
Taylor Swift
Random Quiz
Search Sporcle
×
Quiz Lab
Quiz Lab
Music
Kpop
Type in answers that appear in a list
Type in answers that appear in a list
Classic
Best Score? Go Orange.
Guess the Kpop Rookies Debut Song from 2010 till now Stats
Can you name the Guess the Kpop Rookies Debut Song from 2010 till now?
By
a_song_4_yoo_rin
10m
39 Questions
1,159 Plays
1,159 Plays
1,159 Plays
Comments
Comments
Give Quiz Kudos
Give Quiz Kudos
-
- Ratings
hide this ad
Replay
Link that replays current quiz
Next Quiz
Link to next quiz in quiz playlist
You Got
0%
They Got
Avg Score
35%
Avg Friend Score
Upgrade to see
Score Distribution
Jump to the score distribution portion of the page
Score
0/39
Timer
10:00
0
Plays Today
Group name
Debut Song
% Correct
B.A.P
Warrior
80.5%
NU'EST
Face
77.7%
Boyfriend
Boyfriend
77.6%
Miss A
Bad Girl Good Girl
71.8%
Sistar19
Ma Boy
69.8%
Teen Top
Clap
68.2%
B1A4
O.K
67.6%
BTOB
Imagine
67.2%
Sistar
Push Push
61.5%
Block B
Freeze
59.5%
Infinite
Come Back Again
59.3%
MYNAME
Message
54.4%
Orange Caramel
Magic Girl
54.4%
A Pink
I Don't Know
49.4%
RaNia
Dr. Feel Good
45.3%
ZE:A
Mazeltov
45%
CO:ED School
Too Late
34.2%
Chocolat
Syndrome
28.2%
F.Cuz
Jiggy
25.6%
Dalmatian
Round 1
24.3%
Group name
Debut Song
% Correct
DalShabet
Supa Dupa Diva
24.1%
Spica
Russian Roulette
23%
JYJ
Ayy Girl
21.1%
SPEED
Lovey Dovey Plus
20.9%
Rainbow Pixie
Hoi Hoi
20.1%
Nine Muses
No Playboy
17.1%
LED Apple
Dash
14.7%
C-
REAL
No No No No No
14.3%
Girl's Day
Tilt My Head
14.2%
Chi Chi
Don't Play Around
12.3%
5Dolls
Lip Stains
11.6%
AA
Because I'm Crazy
9.7%
N-
Train
One Last Cry
9%
X-
5
Don't Put On An Act
8.6%
HITT
Goodnight
7.9%
The Boss /
Daeguknama
Admiring Boy
6.4%
Brave Girls
Do You Know
6%
Chaos
She Is Coming
5.6%
B.O.M
Without You
1.6%
Quiz Playlist
Details
Report
Send in Message
Add To Playlist
Classic:
Type in answers that appear in a list
Last Updated: Feb 16, 2017
Quiz Scoreboard
CHALLENGE
Sign Up to Join the Scoreboard
Show All
Scores
Hide
Comments
May contain spoilers
Recently Published
Holiday 10x10 Sorting Gallery
by lukepisani3
Holiday
15m
Two Season TV Shows II
by 123Four
Television
10m
Image Sorting: Flags VI
by Barbecue
Geography
2m
More to Explore
Quiz From the Vault
Featured Blog Post
14 Easter Pick-up Lines to Find Eggs With
hide this ad
You Might Also Like...
Tags
Kpop Quiz
Kpop Quiz
Today's Top Quizzes in Music
Browse Music
hide this ad
Today's Top Quizzes in Kpop
Browse Kpop
Top Contributed Quizzes in Music
1
5X2 Blitz: Bands II
2
Taylor Swift All Songs (2024)
3
5X2 Blitz: The Beatles
4
5X2 Blitz: Billboard
5
Music Artist by Three 2010s hits
6
5X2 Blitz: Billboard II
7
5X2 Blitz: Album
8
5X2 Blitz: Rock
9
5X2 Blitz: Singers
10
5X2 Blitz: Lyrics
Explore More
Trending Topics
NBA
Disney
Marvel
Crossword
Kpop
Harry Potter
Anime
Soccer
NFL
Puzzle
The Office
WWE
Country
Pokémon
Song
hide this ad
More By:
a_song_4_yoo_rin
Quiz
Plays
Rating
Category
Featured
Created
Guess the Kpop A-Z
10,068
2.67
Music
Sep 18, 2011
Guess the Kpop Leaders (Clickable)
3,821
3.38
Music
Jul 14, 2012
Guess The Kpop A-Z 5
2,447
2.13
Music
Jun 5, 2012
Guess the Kpop Unscrambled Songs ( Boy Groups)
2,305
2.00
Music
Apr 22, 2012
Guess the Kpop Fanclub
1,936
2.44
Just For Fun
Dec 8, 2011
Go to Creator's Profile
Score Distribution
Quiz Creator Spotlight
a_song_4_yoo_rin
Follow
Send a Message
Quizzes Created
-
Created Quiz Play Count
-
More By This Creator
Popular Quizzes Today
1
Find the US States - No Outlines Minefield
2
Colored Red Africa Blitz
3
Find the 'City' Movie
4
The Countries of the World
5
5x2 Blitz: Bands
6
Find the US States
7
Find the Countries of Europe - No Outlines Minefield
8
US States
More Music Quizzes
Sunday Crossword: Kpop Girl Groups
Quiz Lab
Trending Quizzes
Colored Red Europe Blitz I
Colored Red Europe Blitz II
Colored Red Africa Blitz II
Colored Red Europe Blitz III
Colored Red Africa Blitz III
Recently Updated
Odd Team Out - Big 4 Players
pecheneg
Quick Pick: 20 Twenties
pecheneg
March Madness Men's Triple Doubles
pecheneg
How Do You Spell That?
pecheneg
Godzilla Movies
pecheneg
Grab Bag: 4-10 Letters
pecheneg
2024 March Madness Bracket
pecheneg
Famous TV Couples
Peacemaker
Champions League XIs: Real Madrid
pecheneg
Largest US Cities 1790-2010
pecheneg
Trending Topics
Anime
Harry Potter
Disney
Crossword
NBA
Marvel
Kpop
The Office
Country
NFL
WWE
Puzzle
Song
Pokémon
Soccer
Your Account Isn't Verified!
In order to create a playlist on Sporcle, you need to verify the email address you used during registration. Go to your
Sporcle Settings
to finish the process.
Report this User
Report this user for behavior that violates our
Community Guidelines
.
Details:
Send Report
Go to the Sporcle.com Mobile Site →
Comments